000 00491nam a22001932 4500
001 0000001184
005 20170406113227.0
008 131211s xx 000 0 eng d
020 _c$
040 _aYour Holding Symbol
_cYour Holding Symbol
100 1 _aGershoy,Leo.
245 1 0 _aFrom Despotism to Revolution.
250 _a ed.
260 _aNew york :
_bHarper,
_c1944.
300 _a355 p. ;
_c cm.
504 _aindex.
650 0 _ahistory.
908 _a131211
999 _c1101
_d1101